000 00636nam a2200241Ia 4500
003 OSt
005 20220918192633.0
006 a|||||r|||| 00| 0
007 ta
008 220917b |||||||| |||| 00| 0 eng d
024 _a69,337
037 _cTextual
040 _aARTS
_cARTS
_beng
041 _2eng
_aeng
082 _aQ4:33, H5;L7
100 _aDikshit Sudhakar
_979620
245 0 _aSermons asnd sayings of the Buddha
260 _aBombay
_bChetana
_c1977
300 _ax,104p. illus
_ccm.
650 _aRELIGION
942 _hQ4:33, H5;L7
_cTEXL
_2CC
999 _c195493
_d195493